000 00920nam a2200253 i 4500
001 bg
100 1 _aSKOCZYLAS, Wanda
245 1 0 _aWartość przedsiębiorstwa w systemie jego oceny /
_cWanda Skoczylas.
260 _aSzczecin :
_bWydaw. Naukowe US,
_c1998.
300 _a242 s. :
_bwykr. ;
_c24 cm.
490 1 _aRozprawy i Studia / Uniwersytet Szczeciński,
_x0860-2751 ;
_vt. 295
500 _aNa s. tyt. także t. 369, oznaczający nr kolejny serii Rozprawy i Studia do nr 74 wydawanej przez WSP w Szczecinie. - Streszcz. ang.
504 _aBibliogr. s. 217-238.
650 9 _aPrzedsiębiorstwo
_xwycena
650 9 _aZarządzanie
_xzagadnienia
830 0 _aRozprawy i Studia (Uniwersytet Szczeciński) ;
_vt. 295
020 _a8387341916
040 _cBPK
041 0 _apl
_ben
080 _a334.72.003.12:338.24
920 _a83-87341-91-6
942 _cKS
008 s pl f |000 0 pol
999 _c39070
_d39070
856 _uhttp://koha.tu.koszalin.pl/cgi-bin/koha/opac-detail.pl?biblionumber=39070
_yKatalog online BPK